000 00646nam a2200277Ia 4500
005 20260324150145.0
008 008 260324s9999 xx 000 0 eng d
020 _a9781315162980
037 _aEBOOK
040 _aCRL
040 _beng
040 _cCRL
041 _2eng
041 _aeng
084 _qCRL
100 _aH.V.F. Winstone; Zahra Freeth
_91225442
245 0 _aKuwait: Prospect and Reality
260 _bTaylor and Francis
260 _c1972
365 _a
365 _b205
856 _uhttp://www.taylorfrancis.com/books/9781315162980
942 _cEBOOK
999 _c1834440
_d1834440